banner-ar

الالات والبناء : (Record no. 60458)

MARC details
000 -الفاتح
حقل البيانات ثابتة الطول 01210nam a22003017a 4500
005 - وقت وتاريخ اخر تعامل مع التسجيلة
رقم الضبط 20240530110411.0
008 - عناصر البيانات ثابتة الطول - معلومات عامة
حقل البيانات ثابتة الطول 150216s2011 ua coe a 001 0 ara d
017 ## - رقم الايداع القانونى
رقم الايداع القانونى 10326//2010
المصدر ( الهيئة المختصة) مصر . دار الكتب المصرية
020 ## - الرقم الدولى المعيارى للكتب
الرقم الدولى المعيارى للكتاب 977144235
040 ## - مصدر الفهرسة
وكالة الفهرسة الأصلية EG-CaGPL
041 0# - رمز اللغة
رمز لغة النص/ المسارات الصوتية أو العنوان الانفرادي ara
082 04 - رقم تصنيف ديوى العشرى
رقم الطبعة 21
رقم التصنيف 621.8
رقم المادة ط/س آ
100 1# - المدخل الرئيسى - إسم شخصى
الإسم الشخصى سنوو ، كارولين
الشكل الأكمل للاسم كارولين سنوو
245 12 - بيان العنوان
العنوان الالات والبناء :
بقية العنوان استخدام الالات البسيطة /
بيان المسئوليه,etc تاليف كارولين سنوو ؛ ترجمة هالة على حسنين ؛ اشراف داليا محمد ابراهيم
250 ## - بيان الطبعة
بيان الطبعة ط1
260 ## - PUBLICATION, DISTRIBUTION, ETC. (IMPRINT)
تاريخ النشر أو التوزيع 2011
300 ## - الوصف المادى
التعداد 32 ص :
تفاصيل ماديه اخرى للوعاء ايض ؛
أبعاد الوعاء 28 سم
490 0# - بيان السلسلة
عنوان السلسلة ناشيونال جيوجرافيك
650 04 - المدخل الاضافى بالموضوع-مصطلح موضوعى
مصطلح موضوعي الالات
التقسيم الفرعي العام تصميم
650 04 - المدخل الاضافى بالموضوع-مصطلح موضوعى
مصطلح موضوعي الات البناء
650 04 - المدخل الاضافى بالموضوع-مصطلح موضوعى
مصطلح موضوعي مواد البناء
650 04 - المدخل الاضافى بالموضوع-مصطلح موضوعى
مصطلح موضوعي البناء
التقسيم الفرعي العام مواصفات الامان
650 04 - المدخل الاضافى بالموضوع-مصطلح موضوعى
مصطلح موضوعي المساكن
التقسيم الفرعي العام الات البناء
700 0# - المدخل الاضافى - اسم شخصى
الإسم الشخصى هالة على حسنين
الدور مترجم
700 0# - المدخل الاضافى - اسم شخصى
الإسم الشخصى داليا محمد ابراهيم
الدور مشرف
942 ## - عناصر المدخل الإضافي( كوها)
مصدر التصنيف او مخطط الترفيف Dewey Decimal Classification
Koha [default] item type كتاب
260 ## - PUBLICATION, DISTRIBUTION, ETC. (IMPRINT)
-- القاهرة :
-- نهضة مصر للنشر ،
Holdings
حالة التراجع حالة الفقد حالة تلف ليس للاعارة المكان المؤقت الموقع الحالى تاريخ الاكتساب اجمالي اﻻعارات رقم الطلب الباركود تاريخ اخر مشاهدة تاريخ تفعيل السعر نوع وعاء كوها
        مكتبة القاهرة الكبرى مكتبة القاهرة الكبرى 02/16/2015   621.8 ط/س آ 159513 02/16/2015 02/16/2015 كتاب

Powered By

EGPV